| 000 | 00691 a2200169 4500 | ||
|---|---|---|---|
| 999 |
_c9461 _d9461 |
||
| 020 | _a9990817693 | ||
| 050 | 0 | 0 | _aK 555.9 INS 2000 |
| 245 | 0 | 0 |
_aIn search of justice : _bwomen and the administration of justice in Malawi / _cWomen and Law in Southern Africa Research and Educational Trust (WLSA) Malawi. |
| 264 |
_aBlantyre: _bDzuka Publishing Company Limited, _c2000 |
||
| 300 |
_ax, 124 p. : _bill. ; |
||
| 500 | _aIncludes bibliographic references | ||
| 504 | _aIncludes bibliographical references (p. 120-123). | ||
| 650 | 0 |
_aWomen _xLegal status, laws, etc. |
|
| 650 | 0 | _aJustice, Administration of | |
| 710 | 2 | _aWomen and Law in Southern Africa Trust. | |
| 942 |
_2lcc _cBK _h5555.9 _iINS _kK |
||